مكتبة جامعة عجلون الوطنية

فهرس بحث المكتبة

اثر تطبيق وزارة التنمية الاجتماعية لمبادئ الحاكمية المؤسسية على تعزيز الإنتاجية في الجمعيات الخيرية الأردنية = The impact of Applying the principles of institutional Governance by the Ministry of Social Development on Enhancing productivity in jordanian charities / (Record no. 33561)

MARC details
000 -LEADER
fixed length control field 01139nam a22001817a 4500
003 - CONTROL NUMBER IDENTIFIER
control field JO-AjAnu
005 - DATE AND TIME OF LATEST TRANSACTION
control field 20240708085514.0
008 - FIXED-LENGTH DATA ELEMENTS--GENERAL INFORMATION
fixed length control field 240706b jo ||||| |||| 00| 0 ara d
040 ## - CATALOGING SOURCE
Transcribing agency JO-AjAnu
100 #1 - MAIN ENTRY--PERSONAL NAME
Personal name نجار، خلود محمود سليمان
9 (RLIN) 66010
Relator term معد
245 0# - TITLE STATEMENT
Title اثر تطبيق وزارة التنمية الاجتماعية لمبادئ الحاكمية المؤسسية على تعزيز الإنتاجية في الجمعيات الخيرية الأردنية = The impact of Applying the principles of institutional Governance by the Ministry of Social Development on Enhancing productivity in jordanian charities /
Statement of responsibility, etc. اعداد خلود محمود سليمان النجار ؛ إشراف علي عبدالله الزعبي
260 ## - PUBLICATION, DISTRIBUTION, ETC.
Date of publication, distribution, etc. 2024
300 ## - PHYSICAL DESCRIPTION
Extent 92 ورقة
500 ## - GENERAL NOTE
General note رسالة جامعية (ماجستير) .- جامعة عجلون الوطنية (عجلون، الأردن)، كلية الأعمال ، تخصص المحاسبة 2024<br/>
650 #0 - SUBJECT ADDED ENTRY--TOPICAL TERM
Topical term or geographic name entry element حوكمة - رقابة ادارية
9 (RLIN) 66013
700 #1 - ADDED ENTRY--PERSONAL NAME
Personal name الزعبي، علي عبدالله
9 (RLIN) 65219
Relator term مشرف
942 ## - ADDED ENTRY ELEMENTS (KOHA)
Source of classification or shelving scheme Library of Congress Classification
Koha item type Thesis
Suppress in OPAC No
Holdings
Withdrawn status Lost status Source of classification or shelving scheme Damaged status Not for loan Home library Current library Date acquired Total Checkouts Full call number Barcode Date last seen Price effective from Koha item type
    Library of Congress Classification     مكتبة جامعة عجلون الوطنية مكتبة جامعة عجلون الوطنية 06/07/2024   HD2741 2024 A29977 06/07/2024 06/07/2024 Thesis
    Library of Congress Classification     مكتبة جامعة عجلون الوطنية مكتبة جامعة عجلون الوطنية 06/07/2024   HD2741 2024 A29976 06/07/2024 06/07/2024 Thesis